000 00785nam a2200241Ia 4500
005 20221205112752.0
008 210716s2012 xx 000 0 und d
020 _a9788177587685
040 _cAIMIT LIBRARY
041 _aeng
082 _a005.3681
_22
_bBRUB
100 _aBruegge, Bernd.
_964705
245 _aObject oriented software engineering :
_busing uml patterns and java /
_cBy Bernd Bruegge and Allen H. Dutoit.
250 _a2nd ed.
260 _aNew Delhi :
_bPearson Education ,
_c2012.
300 _a802 p.;
_c24.5 cm.
650 _aRequirements elicitation
_964706
650 _aMapping models to code
_964707
650 _aTesting
_964708
650 _aSoftware life cycle
_964709
700 _aDutoit, Allen H.
_964710
942 _2ddc
_cBK
_e2nd
_k005.3681 BRUB
999 _c192978
_d192978